Promo 59 GMM - Statistiques

Statistiques générales
  • Ce quiz a été pris 2 fois
  • Le résultat moyen est 47 sur 72
Statistiques - réponses
Réponse % Correct
Arman Hosseini
100%
Cesar Berrie
100%
Guillaume Joffre
100%
Pedro Fonseca Gomes
100%
Edda Iveland
100%
Edgar Neboit
100%
Eduardo De Jésus Zancanaro Garcia
100%
Elisio Nota
100%
Elsa Ehrhart
100%
Estelle Brunel
100%
Ezzeddine Aoun
100%
Guillaume Staub
100%
Ha Bui Thi Thu
100%
Jade Roumazeille-Peter
100%
Jérémie Monjou
100%
Julie Laurent
100%
Lise Pihan
100%
Lucille Pedoussat
100%
Maiann Helleu
100%
Maïlys Feuillerat
100%
Matthias Halpern-Herla
100%
Molk Manoubi
100%
Ngoc Nguyen
100%
Noémie Rouchon
100%
Octave Borgeard
100%
Paola De Truchis De Varennes
100%
Paul Slisse
100%
Quan Le
100%
Sara Essakhi
100%
Sarah Procope
100%
Selim Ben Abdallah
100%
Thomas Ecobichon
100%
Valentin Delort
100%
Victor Davodeau
100%
Y-Lan Thao
100%
Zoé Lelong
100%
Ahmed Khaili
50%
Albane Vergnes
50%
Alexis Kokou
50%
Camille
50%
Christopher Huygues-Beaufond
50%
Dorian Hugonnet
50%
Ema Galuppini
50%
Emerick Rebot
50%
Florian Michel
50%
Hieu Pham
50%
Manon Lanfrit
50%
Marine Dubigeon
50%
Matteo Zanni
50%
Nhan Trong Cao
50%
Pauline Spinosa-Villa
50%
Quentin Senatore
50%
Quentin Touil
50%
Quoc Bao Dong
50%
Tom Brusseaux
50%
Tristan Heydon
50%
Vetle Ramberg Larsen
50%
Yasmine Bennaceur
50%
Aboubacar Bah
0%
Antolis
0%
Aponie Viguet-Carrin
0%
Aurore Davalan
0%
Cesarius Philippe
0%
Clara Lestruaut
0%
Ikram El Morady
0%
Julien Hoffmann
0%
Linda Chikhaoui
0%
Mataa Sidibe
0%
Misha Anterrieu
0%
Orianne Dolleans
0%
Oumaya Bouziane
0%
Titouan Steyer
0%
Aucun quiz correspondant
Distribution des résultats
% des personnes avec chaque résultat
Percentile par nombre de réponses
Votre historique - résultats
Vous n’avez pas pris ce quiz